000 00414nmm a2200157Ia 4500
008 251105s9999||||xx |||||||||||||||||und||
041 _aspa
100 _aMcdavid, Cathy
245 0 _aDiez años de espera
264 _a[Madrid, España] :
_bHarlequin,
_c2012
300 _a192 páginas
490 _aJazmín Top
650 _aRomance
856 _uhttps://public.digitaliapublishing.com/a/50148
942 _cCF
999 _c99643
_d99643